Kabale University Library Catalogue

Jobs aren't enough : (Record no. 6087)

MARC details
000 -LEADER
fixed length control field 01103cam a22002774a 4500
003 - CONTROL NUMBER IDENTIFIER
control field OSt
005 - DATE AND TIME OF LATEST TRANSACTION
control field 20260205153208.0
008 - FIXED-LENGTH DATA ELEMENTS--GENERAL INFORMATION
fixed length control field 051208s2006 pauab b 001 0 eng
020 ## - INTERNATIONAL STANDARD BOOK NUMBER
International Standard Book Number 159213355X
Qualifying information cloth : alk. paper
020 ## - INTERNATIONAL STANDARD BOOK NUMBER
International Standard Book Number 1592133568
Qualifying information pbk. : alk. paper
020 ## - INTERNATIONAL STANDARD BOOK NUMBER
International Standard Book Number 9781592133567
Qualifying information (pbk. : alk. paper)
040 ## - CATALOGING SOURCE
Original cataloging agency KABLIB
Transcribing agency KABLIB
Language of cataloging eng
Description conventions rda
082 00 - DEWEY DECIMAL CLASSIFICATION NUMBER
Classification number 305.5
Edition number 23
Item number IVE
100 1# - MAIN ENTRY--PERSONAL NAME
Personal name Iversen, Roberta Rehner.
9 (RLIN) 15461
245 10 - TITLE STATEMENT
Title Jobs aren't enough :
Remainder of title toward a new economic mobility for low-income families /
Statement of responsibility, etc. Roberta Rehner Iversen, Annie Laurie Armstrong.
260 ## - PUBLICATION, DISTRIBUTION, ETC.
Place of publication, distribution, etc. Philadelphia, Pa :
Name of publisher, distributor, etc. Temple University Press,
Date of publication, distribution, etc. 2006.
300 ## - PHYSICAL DESCRIPTION
Extent xii, 284 p. :
Other physical details ill., map ;
Dimensions 23 cm.
504 ## - BIBLIOGRAPHY, ETC. NOTE
Bibliography, etc. note Includes bibliographical references (p. [257]-276) and index.
650 #0 - SUBJECT ADDED ENTRY--TOPICAL TERM
Topical term or geographic name entry element Working class
Geographic subdivision United States.
9 (RLIN) 15462
650 #0 - SUBJECT ADDED ENTRY--TOPICAL TERM
Topical term or geographic name entry element Poor families
Geographic subdivision United States.
9 (RLIN) 15463
650 #0 - SUBJECT ADDED ENTRY--TOPICAL TERM
Topical term or geographic name entry element City dwellers
Geographic subdivision United States.
9 (RLIN) 15464
650 #0 - SUBJECT ADDED ENTRY--TOPICAL TERM
Topical term or geographic name entry element Social mobility
Geographic subdivision United States.
9 (RLIN) 15465
651 #0 - SUBJECT ADDED ENTRY--GEOGRAPHIC NAME
Geographic name United States
General subdivision Social policy
Chronological subdivision 1993-
9 (RLIN) 15466
700 1# - ADDED ENTRY--PERSONAL NAME
Personal name Armstrong, Annie Laurie,
9 (RLIN) 15467
942 ## - ADDED ENTRY ELEMENTS (KOHA)
Source of classification or shelving scheme Dewey Decimal Classification
Koha item type Book
Holdings
Withdrawn status Lost status Source of classification or shelving scheme Damaged status Not for loan Home library Current library Shelving location Date acquired Source of acquisition Total Checkouts Full call number Barcode Date last seen Price effective from Koha item type
    Dewey Decimal Classification     Mukombe Library Mukombe Library Open Access Section 05.02.2026 Donation   305.5 IVE 14565 05.02.2026 05.02.2026 Book

Kabale University Library | Kabale University P.O Box 317, Kabale, Uganda
Tel : +256754017033, +256774661503 E-mail : library@kab.ac.ug